000 01678nam0a2200337 4500
001 RU\NLR\bibl\101629
005 20040407172206.0
020 _aRU-1819
_9Летопись авторефератов диссертаций
021 _aRU
_b98-01314a
035 _a(NLR Aleph) 000099394
090 _a560650
_c560650
100 _a20000615d1997 u y0rusy50 ca
101 0 _arus
102 _aRU
105 _aa dm |||||
200 1 _aПлодородие почв и эффективность удобрений в Предкавказье
_eДис. в виде науч. докл. на соиск. учен. степ. д.с.-х.н.
_eСпец. 06.01.04
_fГорский гос. аграр. ун-т
210 _aМ.
_d1997
215 _a92, [1] с.
_d20
320 _aБиблиогр.: с. 89 - 93 (44 назв.)
606 0 _aПочвы
_xПлодородие
_xПовышение
_yПредкавказье
_92047120
_3RU\NLR\auth\66944159
606 0 _aУдобрения
_xЭффективность
_yПредкавказье
_92149557
_3RU\NLR\auth\661294643
610 0 _aСельскохозяйственные науки - Землеустройство. Агрономия. Зоотехния. Первичная обработка, хранение зерна и другой продукции растениеводства. Лесное хозяйство
686 _a06.01.04
_2oksvnk
686 _aП032.6(2Р37)
686 _aП040.16(2Р37)
700 1 _aКцоев
_bБ. К.
_gБимбулат Касабоевич
801 0 _aRU
_bRKP
_c20000615
_gPSBO
801 1 _aRU
_bRKP
_c20000802
_gPSBO
852 _aNLR
_jА98/1314
942 _cBOOK
980 _aNB